| 000 | 00667nam a2200217 a 4500 | ||
|---|---|---|---|
| 003 | PILC | ||
| 005 | 20160203122335.0 | ||
| 008 | 060818s19uu xx 00 eng d | ||
| 020 | _a9780071108256 | ||
| 050 |
_aBF 121 _b.P348 2007 |
||
| 100 | _aPasser, Michael W. | ||
| 245 |
_aPsychology : _bthe science of mind and behavior / _cMichael W. Passer. |
||
| 250 | _a3rd edition. | ||
| 260 |
_aBoston : _bMcGraw-Hill, _c2007. |
||
| 300 |
_axxxv, 655 pages : _bcolor illustrations ; _c28 cm. |
||
| 500 | _aIncludes glossary, bibliographical references and indexes. | ||
| 650 | _aPsychology. | ||
| 700 | _aSmith, Ronald E. | ||
| 942 |
_cBK _2lcc _kFOR |
||
| 999 |
_c21554 _d21554 |
||